| 000 | 00480nam a2200169 a 4500 | ||
|---|---|---|---|
| 005 | 20140310183549.0 | ||
| 008 | 110930s19uu xx 00 eng d | ||
| 020 | _a9781847873873 | ||
| 050 |
_aHM 1211 _b .H65 2011 |
||
| 100 | _aHolliday, Adrian | ||
| 245 |
_aIntercultural communication and ideology / _cAdrin Holliday. |
||
| 260 |
_aLondon : _bSage, _c2011. |
||
| 300 |
_a222 p. : _c23 cm. |
||
| 650 | _aIntercultural communication | ||
| 942 |
_cBK _2lcc _kFOR |
||
| 999 |
_c24917 _d24917 |
||